NFL Starting TE 2024-2025 - Statistics

General Stats
  • This quiz has been taken 466 times
  • The average score is 21 of 32
Answer Stats
Team Tight End % Correct
Chiefs Travis Kelce
99%
49ers George Kittle
96%
Ravens Mark Andrews
96%
Lions Sam LaPorta
96%
Falcons Kyle Pitts
93%
Bills Dalton Kincaid
90%
Cardinals Trey McBride
90%
Browns David Njoku
89%
Raiders Brock Bowers
88%
Eagles Dallas Goedert
85%
Vikings T.J. Hockenson
85%
Jaguars Evan Engram
82%
Bears Cole Kmet
80%
Cowboys Jake Ferguson
80%
Texans Dalton Schultz
78%
Patriots Hunter Henry
75%
Buccaneers Cade Otton
73%
Packers Tucker Kraft
71%
Commanders Zach Ertz
71%
Dolphins Jonnu Smith
68%
Seahawks Noah Fant
66%
Saints Tayson Hill
53%
Jets Tyler Conklin
50%
Steelers Pat Friermuth
48%
Chargers Will Dissly
40%
Titans Chig Okonkwo
39%
Colts Mo Alie-Cox
35%
Panthers Ja'Tayvion Sanders
23%
Broncos Adam Trautman
20%
Rams Davis Allen
6%
Giants Chris Manhertz
2%
Bengals Mike Gesciki
1%
No matching quizzes found
Score Distribution
Percent of People with Each Score
Percentile by Number Answered
Your Score History
You have not taken this quiz